000
00470nam a2200169Ia 4500
008
090711s9999 xx 000 0 und d
082
_b
561
100
_a
पवार जयंत
245
_a
अधांतर
260
_b
पॉप्युलर प्रकाशन
_c
1999
300
_a
65
600
_a
पवार जयंत
630
_a
अधांतर
700
_a
पवार जयंत
730
_a
अधांतर
942
_c
BOOK
999
_c
335541
_d
335541